|
|
|
|
| LEADER |
01174nam a2200313 a 4500 |
| 001 |
726 |
| 003 |
BD-DhAAL |
| 005 |
20151006100739.0 |
| 008 |
151006s1981 bg b 000 0 eng |
| 010 |
|
|
|a 81904353
|
| 020 |
|
|
|c Tk35.00 ($4.00 U.S.)
|
| 040 |
|
|
|a DLC
|c DLC
|d DLC
|
| 050 |
0 |
0 |
|a PK1727.F64
|b H37 1981
|
| 082 |
|
|
|a 398.2/0835
|
| 100 |
1 |
|
|a Haque, Abu Saeed Zahurul.
|9 15137
|
| 245 |
1 |
0 |
|a Folklore and nationalism in Rabindranath Tagore /
|c Abu Saeed Zahurul Haque.
|
| 250 |
|
|
|a 1st ed.
|
| 260 |
|
|
|a Dacca :
|b Bangla Academy,
|c 1981.
|
| 300 |
|
|
|a vi, 159 p. ;
|c 22 cm.
|
| 500 |
|
|
|a Revision of the author's thesis (Ph. D.--Indiana University)
|
| 504 |
|
|
|a Bibliography: p. [142]-159.
|
| 541 |
|
|
|e 726
|
| 600 |
1 |
0 |
|a Tagore, Rabindranath,
|d 1861-1941
|x Criticism and interpretation.
|9 3814
|
| 600 |
1 |
0 |
|a Tagore, Rabindranath,
|d 1861-1941
|x Knowledge
|x Folklore.
|9 15138
|
| 650 |
|
0 |
|a Folklore in literature.
|9 15139
|
| 650 |
|
0 |
|a Nationalism in literature.
|9 15140
|
| 942 |
|
|
|2 ddc
|c BK
|
| 999 |
|
|
|c 35692
|d 35692
|
| 952 |
|
|
|0 0
|1 0
|2 ddc
|4 0
|6 398_200000000000000_0835_HAQ
|7 0
|9 56134
|a SCL
|b SCL
|c GEN
|d 2015-10-06
|g 35.00
|l 0
|o 398.20835 HAQ
|p 3020000726
|r 2015-10-06
|t 1
|w 2015-10-06
|y BK
|